00386nam a22001337a 450000500170000000800410001704100130005808200140007110000130008524500460009826000510014430000320019565000250022720231127100319.0231127b |||||||| |||| 00| 0 eng d aEnglish  a340.1 HUB lEnglish  aThe Jurisprudence of My Time /cHuber, U  aDurban : bButterworth and Company Ltd, c1939 bviii, 546 pages ; c26 cm.  aLegal practice bLaw